| 000 | 00472nam a2200145 a 4500 | ||
|---|---|---|---|
| 008 | 120416s0000 ||||||||||||||||| || u | ||
| 020 | _a0712609814 | ||
| 050 | _aPR 6053.H323M9 | ||
| 100 | _aChapman, Jennifer | ||
| 245 | 1 | 0 | _aMysterious ways |
| 260 |
_aLondon _bCentury Publishing _c1985 |
||
| 300 | _a[iv], 259p. | ||
| 350 | _a0.00 | ||
| 995 |
_D0.00 _FCBU-MAIN LIBRARY (Kitwe) _H1 _I8.95 _M1 _UAVAILABLE _ZFiction Collection |
||
| 999 |
_c51855 _d51855 |
||